000 00242nam a22000977a 4500
008 160510b xxu||||| |||| 00| 0 eng d
041 _aeng
080 _a61
245 _aMedia relations in sport:
_cAllan Hall; William Nichols;
942 _2udc
_cBK
999 _c1989
_d1989